| 000 | 01486cam a22003134a 4500 | ||
|---|---|---|---|
| 001 | 16686604 | ||
| 003 | OSt | ||
| 005 | 20160506173054.0 | ||
| 008 | 110310s2013 maua 001 0 eng | ||
| 010 | _a 2011006328 | ||
| 020 | _a0321758951 | ||
| 020 | _a9780321758958 | ||
| 035 | _a(OCoLC)ocn706965524 | ||
| 040 |
_aDLC _beng _cDLC _dYDX _dYDXCP _dBWX _dLANGC _dDLC |
||
| 042 | _apcc | ||
| 050 | 0 | 0 |
_aQA152.3 _b.B64 2013 |
| 082 | 0 | 0 |
_a512.9 _222 |
| 100 | 1 | _aBlitzer, Robert. | |
| 245 | 1 | 0 |
_aIntroductory algebra for college students / _cRobert Blitzer. |
| 250 | _a6th ed. | ||
| 260 |
_aBoston : _bPearson, _cc2013. |
||
| 300 |
_axvii, 688, [55] p. : _bill. (some col.) ; _c29 cm. |
||
| 500 | _aIncludes indexes. | ||
| 505 | 2 | _aVariables, real numbers, and mathematical models -- Linear equations and inequalities in one variable -- Linear equations and inequalities in two variables -- Systems of linear equations and inequalities -- Exponents and polynomials -- Factoring polynomials -- Rational expressions -- Roots and radicals -- Quadratic equations and introduction to functions. | |
| 650 | 0 |
_aAlgebra _vTextbooks. |
|
| 906 |
_a7 _bcbc _corignew _d1 _eecip _f20 _gy-gencatlg |
||
| 942 |
_2lcc _cGEN |
||
| 999 |
_c13459 _d13459 |
||